| 000 | 01023cam a2200301 ib4500 | ||
|---|---|---|---|
| 001 | 005719992 | ||
| 003 | YEEZEN | ||
| 005 | 20260109151323.0 | ||
| 008 | 250923s2025 ch ak g b 000 0 chi d | ||
| 020 |
_a9786263961081 _q(平裝) : _c新臺幣420元 |
||
| 040 |
_aNTL _bchi _cNTL _eccr |
||
| 042 | _anbic | ||
| 084 |
_a417.1 _2ncsclt |
||
| 090 | _a417.1 | ||
| 100 | 1 | _a吳佳鴻 | |
| 245 | 1 | 0 |
_a別怕荷爾蒙 妳抗衰防病的關鍵 : _b全面解析更年期症狀 心血管健康 失智症 骨質疏鬆 心理健康 乳癌迷思 / _c吳佳鴻著 |
| 246 | 3 | 0 | _a全面解析更年期症狀 心血管健康 失智症 骨質疏鬆 心理健康 乳癌迷思 |
| 250 | _a初版 | ||
| 260 |
_a臺北市 : _b時報文化, _c2025.02 |
||
| 300 |
_a343面 : _b圖, 表 ; _c21公分 |
||
| 490 | 1 |
_aCare(時報) ; _vVH00087. |
|
| 504 | _a參考書目 : 面322-343. | ||
| 650 | 7 |
_a激素 _2lcstt. |
|
| 650 | 7 |
_a婦女健康 _2lcstt. |
|
| 650 | 7 |
_a保健常識 _2lcstt. |
|
| 830 | 0 |
_aCare(時報) _vVH00087. |
|
| 942 |
_2ccl _cBOOK |
||
| 999 |
_c7682 _d7682 |
||